Urban problems and planning in the developed world

Bibliographic Details
Other Authors: Pacione, Michael
Format: Book
Published: London : CroomHelm , 1981
Subjects:

MARC

LEADER 00000cam a2200000 7i4500
001 0000002143
005 20050623.0
020 |a 0709901917 
040 |a INS 
090 0 0 |a HT166.   |b U744 1981 
245 0 0 |a Urban problems and planning in the developed world   |c edited by Michael Pacione 
260 |a London :   |b CroomHelm ,   |c 1981 
300 |a 324p ;   |c 22 cm. 
650 0 0 |a City planning 
700 1 |a Pacione, Michael 
999 |a 0000000642   |b BOOK   |c Open Shelf   |e Default branch